|
|
|
|
| LEADER |
01340nam a2200313 u 4500 |
| 001 |
10021403 |
| 003 |
upatras |
| 005 |
20210412073827.0 |
| 008 |
990420s1998 ge eng |
| 020 |
|
|
|a 3540605207
|
| 040 |
|
|
|a GR-PaULI
|c GR-PaULI
|
| 041 |
0 |
|
|a eng
|
| 082 |
0 |
4 |
|a 512.24
|
| 100 |
1 |
|
|a Vasconcelos, Wolmer V.
|9 145917
|
| 245 |
1 |
0 |
|a Computational methods in commutative algebra and algebraic geometry
|c Wolmer V. Vasconcelos
|
| 260 |
|
|
|a Berlin
|b Springer
|c 1998
|
| 300 |
|
|
|a xi, 394 p.
|c 24 cm.
|
| 490 |
0 |
|
|a Algorithms and computation in mathematics
|v 2
|
| 500 |
|
|
|a With chapters by David Eisenbud, Daniel R. Grayson, Jurgen Herzog and Michael Stillman
|
| 500 |
|
|
|a With 11 figures
|
| 504 |
|
|
|a Includes bibliography and index
|
| 650 |
|
4 |
|a Αντιμεταθετική άλγεβρα
|x
|9 38238
|
| 650 |
|
4 |
|a Αλγεβρική τοπολογία
|x Υπολογιστικές μέθοδοι
|9 64514
|
| 760 |
0 |
|
|a Algorithms and computation in mathematics
|g 2
|
| 852 |
|
|
|a GR-PaULI
|b ΠΑΤΡΑ
|b ΒΚΠ
|b ΒΣ1
|k ΑΣΧΞ
|h 512.24 V
|m 042385
|p 025000053828
|t 1
|
| 942 |
|
|
|2 ddc
|c BK15
|
| 952 |
|
|
|0 0
|1 0
|2 ddc
|4 0
|6 512_240000000000000_VAS
|7 0
|9 183385
|a LISP
|b LISP
|c BSC
|d 2016-04-24
|i 042385
|l 1
|o 512.24 VAS
|p 025000053828
|r 2017-02-21 00:00:00
|s 2017-02-15
|t 1
|w 2016-04-24
|y BK15
|
| 998 |
|
|
|c ΜΑΝΙΑΚΗ
|d 1999-04
|
| 999 |
|
|
|c 113148
|d 113148
|